[Event "FRA-ch U18/20 Girls"]
[Site "Agen"]
[Date "2023.04.25"]
[Round "4"]
[White "Lordier, Sophia"]
[Black "Renaudin, Axelle"]
[Result "1-0"]
[WhiteElo "1847"]
[BlackElo "1685"]
[PlyCount "65"]
[EventDate "2023.04.23"]
[EventType "swiss"]
[EventRounds "9"]
[EventCountry "FRA"]
[SourceTitle "CBM 214 Extra"]
[Source "ChessBase"]
[SourceDate "2023.07.31"]
[SourceVersion "1"]
[SourceVersionDate "2023.07.31"]
[SourceQuality "1"]

1. d4 Nf6 2. c4 e6 3. g3 d5 4. Bg2 c6 5. Nf3 Be7 6. 0-0 0-0 7. Qc2 b6 8. Nbd2 Bb7 9. e4 h6 10. e5 Nfd7 11. cxd5 cxd5 12. Re1 Nc6 13. a3 Rc8 14. Qd3 Na5 15. Nf1 Nc4 16. b3 Na5 17. Bd2 Rc6 18. Bb4 Re8 19. Ne3 Qc7 20. Bd2 Rc8 21. h4 Qd8 22. Nh2 h5 23. f4 Bf8 24. f5 Nb8 25. fxe6 fxe6 26. Nf3 Ba6 27. Qb1 Qe8 28. b4 Nc4 29. b5 Nxd2 30. Nxd2 Rc3 31. bxa6 Qa4 32. Nf3 Be7 33. Qg6 1-0